Statistics for Young Adult Books' Main Characters Quiz

Click here to take the quiz!

General Stats

  • This quiz has been taken 329 times
    (324 since last reset)
  • The average score is 20 of 45

Answer Stats

Book/SeriesMain Character(s)% Correct
Harry Potter (3)Harry Potter
100%
Percy Jackson
97%
Percy Jackson (3)Percy Jackson
97%
Ron Weasley
97%
Hermione Granger
96%
The Hunger Games Trilogy (3)Katniss Everdeen
92%
Peeta Mellark
87%
The Divergent Trilogy (2)Beatrice Prior (Tris)
82%
Hazel Lancaster
80%
Hazel Levesque
80%
Tobias Eaton (Four)
80%
Annabeth Chase
77%
Annabeth Chase
77%
Gale Hawthorne
74%
The Mortal InstrumentsClary Fray
65%
The Selection (3)America Singer
63%
Grover Underwood
61%
CinderCinder
59%
The Fault in Our Stars (2)Augustus Waters
56%
The Heroes of Olympus (7)Jason Grace
49%
Leo Valdez
47%
Maxon Schreave
45%
Piper McLean
44%
Frank Zhang
42%
Daniel Altan Wing (Day)
28%
Aspen Leger
27%
Legend (2)June Iparis
26%
The Book ThiefLiesel Meminger
22%
The 5th Wave (3)Cassie Sullivan
20%
The Giver Quartet (one for each book)Jonas (The Giver)
19%
Holes (2)Stanley Yelnats
16%
Hector Zeroni (Zero)
15%
Ben Parish (Zombie)
14%
Evan Walker
11%
Ranger's ApprenticeWill Treaty
9%
Wings of Fire (First Prophecy Dragonets)Clay
8%
DeliriumLena Haloway Tiddle
7%
Sunny
7%
Glory
6%
Tsunami
6%
Starflight
5%
Kira (Gathering Blue)
4%
The False PrincePrince Jaron (Sage)
4%
Claire (Son)
3%
Matty (Messenger)
2%

Score Distribution

Percentile by Number Answered

Percent of People with Each Score

Your Score History

You have not taken this quiz since the last reset